Yearbook of forest products 1980 1969-1980

Gespeichert in:
Bibliographische Detailangaben
Format: Buch
Sprache:Englisch
Veröffentlicht: Rome Food and Agriculture Organization of the United Nations 1982
Tags: Tag hinzufügen
Keine Tags, Fügen Sie das erste Tag hinzu!

MARC

LEADER 00000nam a2200000 4500
001 c137031
005 20041019155308.8
041 0 |a eng 
044 |a IT 
245 1 0 |a Yearbook of forest products 1980  |b 1969-1980 
264 1 |a Rome  |b Food and Agriculture Organization of the United Nations  |c 1982 
300 |a 414 s.